Some properties of algebraic operators on locally convex spaces

We investigate some properties of an algebraic operator A on a general vector space X and especially in the case when X is a locally convex space. We prove that A is always hyporeflexive and that it is reflexive if its minimal polynomial is simple. Moreover, we show that this condition is necessary...

Teljes leírás

Elmentve itt :
Bibliográfiai részletek
Szerző: Kramar Edvard
Dokumentumtípus: Cikk
Megjelent: Bolyai Institute, University of Szeged Szeged 2012
Sorozat:Acta scientiarum mathematicarum 78 No. 1-2
Kulcsszavak:Matematika, Algebra
Tárgyszavak:
Online Access:http://acta.bibl.u-szeged.hu/16425
LEADER 01448nab a2200217 i 4500
001 acta16425
005 20260306144216.0
008 161015s2012 hu o 000 eng d
022 |a 0001-6969 
040 |a SZTE Egyetemi Kiadványok Repozitórium  |b hun 
041 |a eng 
100 1 |a Kramar Edvard 
245 1 0 |a Some properties of algebraic operators on locally convex spaces  |h [elektronikus dokumentum] /  |c  Kramar Edvard 
260 |a Bolyai Institute, University of Szeged  |b Szeged  |c 2012 
300 |a 147-161 
490 0 |a Acta scientiarum mathematicarum  |v 78 No. 1-2 
520 3 |a We investigate some properties of an algebraic operator A on a general vector space X and especially in the case when X is a locally convex space. We prove that A is always hyporeflexive and that it is reflexive if its minimal polynomial is simple. Moreover, we show that this condition is necessary and sufficient for the reflexivity of the commutant of A. We also show that the second commutant of A is equal to the algebra generated by A and the identity operator. In the last section we prove that every locally algebraic operator acting on a Frechet space is algebraic, and that an operator which is a finite rank perturbation of an algebraic operator is again algebraic. 
650 4 |a Természettudományok 
650 4 |a Matematika 
695 |a Matematika, Algebra 
856 4 0 |u http://acta.bibl.u-szeged.hu/16425/1/math_078_numb_001_002_147-161.pdf  |z Dokumentum-elérés